000 00802nam a2200301Ia 4500
003 OSt
005 20221006144351.0
006 a|||||r|||| 00| 0
007 ta
008 221006b |||||||| |||| 00| 0 eng d
020 _a0300030096
_c231.42
020 _a300030096
024 _a11,526
037 _cTextual
040 _aEASL
_cEASL
_beng
041 _2eng
_aeng
082 _aU8.41.N8, M4
100 _aSCHWARCZ Vera
_9476496
245 0 _aLong road home China journal
260 _aNew Havan
_b YAle University
_c1984
300 _a284p.
_ccm.
490 _v CEL
650 _a CEL
650 _a China - Intellectual life
_9582547
650 _aChina - Description and travel
942 _hU8.41.N8, M4
_cTEXL
_2CC
999 _c1079612
_d1079612